Chcete podnikat s americkým kapitálem?

Enregistré dans:
Détails bibliographiques
Auteur principal: Hurwitz, Andrew P.
Autres auteurs: Orkin, Kenneth S.
Format: Livre
Langue:tchèque
Publié: Praha PROFESS 1991
Édition:1. vyd.
Tags: Ajouter un tag
Pas de tags, Soyez le premier à ajouter un tag!

MARC

LEADER 00000nam a2200000 4500
001 c022527
005 20221214093752.8
041 0 |a cze 
044 |a CZ 
245 1 0 |a Chcete podnikat s americkým kapitálem?  |c Andrew P. Hurwitz, Kenneth S. Orkin 
250 |a 1. vyd. 
264 1 |a Praha  |b PROFESS  |c 1991 
300 |a 32 s. 
100 1 |a Hurwitz, Andrew P. 
700 1 |a Orkin, Kenneth S.